000 00803nam a2200193Ia 4500
003 OSt
005 20250409114753.0
008 210210b2009 xxu||||| |||| 00| 0 eng d
040 _cAL
041 _aKannada
082 _a039.4K KUVK
100 _aKUVEMPU KANNADA Adhyanana samste Maisuru vishvavidyanilaya
_dಕುವೆಂಪು ಕನ್ನಡ ಅಧ್ಯಯನ ಸಂಸ್ಥೆ ಮೈಸೂರು ವಿಶ್ವವಿದ್ಯಾನಿಲಯ
_9208071
245 _aKannada vishaya vishvakosha: bhugoLa vijnana
_bಕನ್ನಡ ವಿಷಯ ವಿಶ್ವಕೋಶ : ಭೂಗೋಳ ವಿಜ್ಞಾನ
260 _aMaisuru
_bKannada Adyayana samsthe, Mysore Vishvavidyanilaya.,
_c2009
300 _axvi,1248
690 _aEncyclopaedia
_9208072
906 _a064569
942 _2ddc
_cBK
999 _c142856
_d142856